Básnik a žena (Record no. 20036)
[ view plain ]
| 000 -LEADER | |
|---|---|
| fixed length control field | 01990cam a2200541 a 4500 |
| 001 - CONTROL NUMBER | |
| control field | 20036 |
| 003 - CONTROL NUMBER IDENTIFIER | |
| control field | VRT |
| 005 - DATE AND TIME OF LATEST TRANSACTION | |
| control field | 20260115094039.0 |
| 008 - FIXED-LENGTH DATA ELEMENTS--GENERAL INFORMATION | |
| fixed length control field | 230403s1957 xo a er 000 p slo |
| 015 ## - NATIONAL BIBLIOGRAPHY NUMBER | |
| National bibliography number | SNBA1958/02-00264 |
| 020 ## - INTERNATIONAL STANDARD BOOK NUMBER | |
| Qualifying information | (viazané) |
| 035 ## - SYSTEM CONTROL NUMBER | |
| System control number | SK01SNK19580017662 |
| 035 ## - SYSTEM CONTROL NUMBER | |
| System control number | urn:nbn:sk:snk-am3ib32 |
| 035 ## - SYSTEM CONTROL NUMBER | |
| System control number | urn:nbn:sk:snk-am00djdf |
| 035 ## - SYSTEM CONTROL NUMBER | |
| System control number | E7460D3D-C3AD-4271-B12F-7808579C20B8 |
| 035 ## - SYSTEM CONTROL NUMBER | |
| System control number | SKM000020125 |
| 039 #9 - LEVEL OF BIBLIOGRAPHIC CONTROL AND CODING DETAIL [OBSOLETE] | |
| Level of rules in bibliographic description | 202403311447 |
| Level of effort used to assign nonsubject heading access points | csnk01 |
| Level of effort used to assign subject headings | 202304032005 |
| Level of effort used to assign classification | VLOAD |
| Level of effort used to assign subject headings | 202212050948 |
| Level of effort used to assign classification | VLOAD |
| Level of effort used to assign subject headings | 202205110855 |
| Level of effort used to assign classification | VLOAD |
| 040 ## - CATALOGING SOURCE | |
| Original cataloging agency | SNK |
| Language of cataloging | slo |
| Transcribing agency | SNK |
| Description conventions | AACR2 |
| 041 0# - LANGUAGE CODE | |
| Language code of text/sound track or separate title | slo |
| 044 ## - COUNTRY OF PUBLISHING/PRODUCING ENTITY CODE | |
| MARC country code | xo |
| ISO country code | SK |
| 072 #7 - SUBJECT CATEGORY CODE | |
| Subject category code | 821.162.4-1 |
| Subject category code subdivision | Slovenská poézia |
| Source | konspekt |
| 080 ## - UNIVERSAL DECIMAL CLASSIFICATION NUMBER | |
| Universal Decimal Classification number | 821.162.4-1 |
| Edition identifier | 2011 |
| 080 ## - UNIVERSAL DECIMAL CLASSIFICATION NUMBER | |
| Universal Decimal Classification number | (0:82-14) |
| Edition identifier | 2011 |
| 100 1# - MAIN ENTRY--PERSONAL NAME | |
| Personal name | Smrek, Ján, |
| Dates associated with a name | 1898-1982 |
| Relationship | aut |
| 245 10 - TITLE STATEMENT | |
| Title | Básnik a žena |
| Statement of responsibility, etc. | Ján Smrek ; s ilustráciami Vincenta Hložníka |
| 250 ## - EDITION STATEMENT | |
| Edition statement | 3. vyd. |
| 260 ## - PUBLICATION, DISTRIBUTION, ETC. | |
| Place of publication, distribution, etc. | Bratislava |
| Name of publisher, distributor, etc. | Slovenský spisovateľ |
| Date of publication, distribution, etc. | 1957 |
| 300 ## - PHYSICAL DESCRIPTION | |
| Extent | 77 s. |
| Other physical details | ilustr. |
| Dimensions | 21 cm |
| 366 ## - TRADE AVAILABILITY INFORMATION | |
| Note | 3000 výtl. |
| 490 1# - SERIES STATEMENT | |
| Series statement | Pôvodná poézia |
| 500 ## - GENERAL NOTE | |
| General note | V tiráži uvedené: Dialóg v piatich kapitolách, z nich prvé štyri boli napísané roku 1923, tretia začiatkom roku 1934 |
| 655 #7 - INDEX TERM--GENRE/FORM | |
| Genre/form data or focus term | slovenská poézia |
| Source of term | SNKPH |
| 655 #7 - INDEX TERM--GENRE/FORM | |
| Genre/form data or focus term | lyrická poézia |
| Source of term | SNKPH |
| 655 #7 - INDEX TERM--GENRE/FORM | |
| Genre/form data or focus term | Slovak poetry |
| Source of term | SNKPHeng |
| 655 #7 - INDEX TERM--GENRE/FORM | |
| Genre/form data or focus term | Lyric poetry |
| Source of term | SNKPHeng |
| 700 1# - ADDED ENTRY--PERSONAL NAME | |
| Personal name | Hložník, Vincent, |
| Dates associated with a name | 1919-1997 |
| Relationship | ill |
| 830 #0 - SERIES ADDED ENTRY--UNIFORM TITLE | |
| Uniform title | Pôvodná poézia |
| 942 ## - ADDED ENTRY ELEMENTS (KOHA) | |
| Source of classification or shelving scheme | Dewey Decimal Classification |
| Koha item type | Krásna literatúra pre dospelých |
| Suppress in OPAC | No |
| 949 ## - LOCAL PROCESSING INFORMATION (OCLC) | |
| 6 | 3869A05755 |
| a | bpksh821.162.4-1 |
| b | bpksh42980 |
| 949 ## - LOCAL PROCESSING INFORMATION (OCLC) | |
| 6 | 17A0836849 |
| a | snkSC 11177 |
| b | snkKSP 395/58 |
| s | 6100:20191115 |
| 949 ## - LOCAL PROCESSING INFORMATION (OCLC) | |
| 6 | 3830001084113 |
| a | kurukT18/SMRE1-16 |
| b | kuruk2013/F4964 |
| o | D2013/SAV/6.3.2013 |
| 949 ## - LOCAL PROCESSING INFORMATION (OCLC) | |
| 6 | 273K0340417 |
| a | svkpoA 22643 |
| b | svkpo53667 |
| 949 ## - LOCAL PROCESSING INFORMATION (OCLC) | |
| 6 | 3830001094383 |
| a | kurukT18/SMRE1-16 |
| b | kuruk2014/F5982 |
| 949 ## - LOCAL PROCESSING INFORMATION (OCLC) | |
| 6 | 17A0033861 |
| a | snkSC 11177 D1 |
| 949 ## - LOCAL PROCESSING INFORMATION (OCLC) | |
| 6 | 270001000134767 |
| a | svkbbS 47981 |
| b | svkbbm 42502 |
| Stav vyradenia | Strata | Poškodenie | Spôsob nadobudnutia | Domovská knižnica | Aktuálna knižnica | Dátum nadobudnutia | Total checkouts | Čiarový kód exemplára | Date last seen | Typ exemplára |
|---|---|---|---|---|---|---|---|---|---|---|
| Dar | Obecná knižnica Belá-Dulice | Obecná knižnica Belá-Dulice | 15.01.2026 | 4735903324 | 15.01.2026 | Krásna literatúra pre dospelých |
